Ils ont marqué 2 buts ou plus à la coupe du monde 2018 - Statistiques

Statistiques générales
  • Ce quiz a été pris 53 fois
  • Le résultat moyen est 15 sur 26
Statistiques - réponses
But(s) Pays Réponse % Correct
4 France Antoine Griezmann
100%
4 France Kylian Mbappé
100%
6 Angleterre Harry Kane
98%
4 Portugal Cristiano Ronaldo
96%
4 Belgique Romelu Lukaku
94%
3 Uruguay Edison Cavani
90%
2 Croatie Luka Modric
88%
2 Uruguay Luis Suárez
86%
3 Belgique Eden Hazard
84%
2 Égypte Mohamed Salah
84%
2 Brésil Neymar Jr
84%
3 Croatie Mario Mandzukic
74%
2 Corée du Sud Heung-min Son
70%
3 Croatie Ivan Perisic
68%
2 Argentine Sergio Agüero
48%
2 Tunisie Wahbi Khazri
44%
3 Espagne Diego Costa
42%
2 Brésil Philippe Coutinho
40%
2 Nigeria Ahmed Musa
28%
4 Russie Denis Cheryshev
24%
3 Colombie Yerri Mina
20%
3 Russie Artiom Dzyuba
18%
2 Australie Mile Jedinak
16%
2 Suède Andreas Granqvist
8%
2 Japon Takashi Inui
8%
2 Angleterre John Stones
6%
Aucun quiz correspondant
Distribution des résultats
% des personnes avec chaque résultat
Percentile par nombre de réponses
Votre historique - résultats
Vous n’avez pas pris ce quiz